Foundations of Electronics (Record no. 672)

MARC details
000 -LEADER
fixed length control field 00351nam a2200145Ia 4500
008 - FIXED-LENGTH DATA ELEMENTS--GENERAL INFORMATION
fixed length control field 191201s1987 xx 000 0 und d
082 ## - DEWEY DECIMAL CLASSIFICATION NUMBER
Classification number 621.381
Item number CHF
100 ## - MAIN ENTRY--PERSONAL NAME
Personal name CHATTOPADHYAY, D
245 #0 - TITLE STATEMENT
Title Foundations of Electronics
250 ## - EDITION STATEMENT
Edition statement 3rd Rep
260 ## - PUBLICATION, DISTRIBUTION, ETC. (IMPRINT)
Place of publication, distribution, etc N. Delhi
Name of publisher, distributor, etc WILEY EASTERN
Date of publication, distribution, etc 1987
300 ## - PHYSICAL DESCRIPTION
Extent 384
650 ## - SUBJECT ADDED ENTRY--TOPICAL TERM
Topical term or geographic name as entry element B.Tech(ECE)
942 ## - ADDED ENTRY ELEMENTS (KOHA)
Source of classification or shelving scheme Dewey Decimal Classification
Koha item type Text Books
Holdings
Withdrawn status Lost status Source of classification or shelving scheme Damaged status Not for loan Collection code Home library Current library Date acquired Source of acquisition Bill Number Total Checkouts Full call number Acc. no. / Barcode Date last seen Bill Date Koha item type Public note
    Dewey Decimal Classification     B.Tech(ECE) PIET C-LIBRARY PIET C-LIBRARY 05/10/2010 Donated by N.D.SHARMA Donated by N.D.SHARMA   621.381 CHF 16624 04/12/2019 27/09/2010 Text Books Donated By N.d.sharma

Design & Developed by: PIET Central Library
R70 Miles Stone Pattikalyana Samalkha Panipat 132102
mail ID :- [email protected], Phone No:- 0180-2569700 Ex.216